Wszyscy Polacy zawodnicy na turniejach rangi Major - Statystyki

Ogólne statystyki
  • Ten quiz został rozwiązany 25 razy
  • Średni wynik to 21 z 26
Statystyki odpowiedzi
Team Zawodnik % Poprawnych
UniversalSoldiers/Virtus.pro byali
100%
UniversalSoldiers/Virtus.pro/FaZe Clan NEO
100%
UniversalSoldiers/Virtus.pro pashaBiceps
100%
UniversalSoldiers/Virtus.pro/MOUZ/GamerLegion/G2 Snax
100%
UniversalSoldiers/Virtus.pro TaZ
100%
ENCE dycha
95%
9INE/ENCE hades
95%
Monte kRaSnaL
95%
9INE/ENCE Kylar
95%
Virtus.pro/Evil Geniuses MICHU
95%
GamerLegion/MOUZ siuhy
95%
Vexed/eBettle hyper
89%
9INE mynio
89%
Team Liquid ultimate
89%
9INE/ENCE Goofy
84%
ESC/Vexed/eBettle/Into the Breach rallen
84%
9INE KEI
79%
OG F1ku
74%
ESC/PENTA/Sprout innocent
74%
Virtus.pro snatchie
74%
Vexed/eBettle GruBy
63%
ESC SZPERO
63%
Vexed/eBettle Furlan
58%
ESC mouz
37%
Vexed/eBettle peet
37%
ESC MINISE
32%
Nie znaleziono quizów pasujących do podanych kryteriów
Rozkład punktacji
Procent ludzi z każdym wynikiem
Percentyl według liczby udzielonych odpowiedzi
Twoja historia wyników
Nie rozwiązałeś tego quizu